Legal case round-up (Record no. 63811)
[ view plain ]
| 000 -LEADER | |
|---|---|
| fixed length control field | 01286cam a2200253 4500 |
| 001 - CONTROL NUMBER | |
| control field | ABS62510 |
| 008 - FIXED-LENGTH DATA ELEMENTS--GENERAL INFORMATION | |
| fixed length control field | 000000n2000 000 0 eng u |
| 035 ## - SYSTEM CONTROL NUMBER | |
| System control number | (Sirsi) u106534 |
| 100 ## - MAIN ENTRY--PERSONAL NAME | |
| Personal name | Dutton, T. |
| 100 ## - MAIN ENTRY--PERSONAL NAME | |
| Personal name | Walker, A. |
| 245 ## - TITLE STATEMENT | |
| Title | Legal case round-up |
| 260 ## - PUBLICATION, DISTRIBUTION, ETC. | |
| Date of publication, distribution, etc. | 2000 |
| 490 ## - SERIES STATEMENT | |
| Series statement | Property Week |
| Volume/sequential designation | 65(21) 26 May 2000, 76-77(2) |
| 520 ## - SUMMARY, ETC. | |
| Summary, etc. | Highlights the key points of three landlord and tenant decisions. "Wallis Fashion Group Ltd v General Accident Life Assurance Society" on how the operation of the Landlord and Tenant (Covenants) Act 1995 was to be taken into account in fixing the terms of a new lease; "Receiver for the Metropolitan Police District v Palacegate Properties Ltd", a joint application under the 1954 Act s38(4) to exclude a proposed lease from security of tenure provisions; and "Penningtons v Abedi" about a solicitor's entitlement to interim payment of fees. |
| 590 ## - LOCAL NOTE (RLIN) | |
| Local note | ABS |
| 650 ## - SUBJECT ADDED ENTRY--TOPICAL TERM | |
| Topical term or geographic name entry element | LANDLORD AND TENANT ACT 1954 |
| 650 ## - SUBJECT ADDED ENTRY--TOPICAL TERM | |
| Topical term or geographic name entry element | WALLIS FASHIONS GROUP LTD V GENERAL ACCIDENT LIFE ASSURANCE SOCIETY |
| 650 ## - SUBJECT ADDED ENTRY--TOPICAL TERM | |
| Topical term or geographic name entry element | RECEIVER FOR THE METROPOLITAN POLICE DISTRICT V PALACEGATE PROPERTIES LTD |
| 650 ## - SUBJECT ADDED ENTRY--TOPICAL TERM | |
| Topical term or geographic name entry element | PENNINGTONS V ABEDI |
| 650 ## - SUBJECT ADDED ENTRY--TOPICAL TERM | |
| Topical term or geographic name entry element | LEASES |
| 650 ## - SUBJECT ADDED ENTRY--TOPICAL TERM | |
| Topical term or geographic name entry element | SECURITY OF TENURE |
| 690 ## - LOCAL SUBJECT ADDED ENTRY--TOPICAL TERM (OCLC, RLIN) | |
| Topical term or geographic name as entry element | PROPERTY-LANDLORD AND TENANT |
| 942 ## - ADDED ENTRY ELEMENTS (KOHA) | |
| Suppress in OPAC | 0 |
| Withdrawn status | Lost status | Source of classification or shelving scheme | Damaged status | Not for loan | Home library | Current library | Shelving location | Date acquired | Total Checkouts | Full call number | Barcode | Date last seen | Copy number | Price effective from | Koha item type |
|---|---|---|---|---|---|---|---|---|---|---|---|---|---|---|---|
| Dewey Decimal Classification | London | London | Journal article | 16/06/2000 | ABS62510 | 106534-1001 | 06/08/2019 | 1 | 06/08/2019 | Journal article |